00380 a2200109 4500001001000000005001700010008004100027245009100068100002600159773006800185999001700253ART_4221320260410161806.0260409a 10aUna nueva regulación de la participación de los acreedores en el proceso concursal1 aArduino, Augusto H.L.0 tDoctrina Societaria y Concursalg- Nº 294 (may. 2012)wREV4298 c21057d21057